Windows NT security handbook. (Record no. 2583)

MARC details
000 -LEADER
fixed length control field 00621cam a22002172 4500
001 - CONTROL NUMBER
control field 0000004280
005 - DATE AND TIME OF LATEST TRANSACTION
control field 20151217145802.0
008 - FIXED-LENGTH DATA ELEMENTS--GENERAL INFORMATION
fixed length control field 070522s xx 000 0 eng d
020 ## - INTERNATIONAL STANDARD BOOK NUMBER
International Standard Book Number 0078822408 :
Terms of availability KES 400
040 ## - CATALOGING SOURCE
Original cataloging agency KABU
Transcribing agency KABU
050 #0 - LIBRARY OF CONGRESS CALL NUMBER
Classification number QA76.76
Item number .O63S54
100 1# - MAIN ENTRY--PERSONAL NAME
Personal name Sheldon, Tom.
-- 0000154763
245 10 - TITLE STATEMENT
Title Windows NT security handbook.
260 ## - PUBLICATION, DISTRIBUTION, ETC. (IMPRINT)
Place of publication, distribution, etc. Berkeley :
Name of publisher, distributor, etc. Osborne,
Date of publication, distribution, etc. 1997.
300 ## - PHYSICAL DESCRIPTION
Extent 679 p.
650 #0 - SUBJECT ADDED ENTRY--TOPICAL TERM
Topical term or geographic name as entry element Microsoft Windows NT.
-- 0000148396
650 #0 - SUBJECT ADDED ENTRY--TOPICAL TERM
Topical term or geographic name as entry element Operating systems (Computers)
-- 0000146540
908 ## - PUT COMMAND PARAMETER (RLIN)
Put command parameter 070522
950 ## - LOCAL HOLDINGS (RLIN)
-- 1
Holdings
Withdrawn status Lost status Source of classification or shelving scheme Not for loan Home library Current library Date acquired Total Checkouts Full call number Barcode Date last seen Price effective from Koha item type
    Library of Congress Classification   Kabarak, Main Campus Kabarak, Main Campus 17/12/2015   QA76.76 .O63S54 008038 17/12/2015 17/12/2015 General Collection
Designed with assistance from East African Informatics Ltd